Joomla! social networking with JomSocial : (Record no. 2359)

MARC details
000 -LEADER
fixed length control field 00844nam a22002177a 4500
003 - CONTROL NUMBER IDENTIFIER
control field OSt
005 - DATE AND TIME OF LATEST TRANSACTION
control field 20250107014704.0
008 - FIXED-LENGTH DATA ELEMENTS--GENERAL INFORMATION
fixed length control field 250106b |||||||| |||| 00| | eng d
020 ## - INTERNATIONAL STANDARD BOOK NUMBER
International Standard Book Number 978-1-847199-56-0
040 ## - CATALOGING SOURCE
Transcribing agency JMCFI - Learning Resource Center
082 ## - DEWEY DECIMAL CLASSIFICATION NUMBER
Classification number F.P./IT.Ed. 006.7'8 B662 2010
100 ## - MAIN ENTRY--PERSONAL NAME
Personal name Boateng, Beatrice A
9 (RLIN) 4851
245 ## - TITLE STATEMENT
Title Joomla! social networking with JomSocial :
Remainder of title enhance your social networking with JomSocial : learn to develop a high quality social network with JomSocial /
Statement of responsibility, etc. Beatrice A. Boateng.
260 ## - PUBLICATION, DISTRIBUTION, ETC.
Place of publication, distribution, etc. Birhingham, UK :
Name of publisher, distributor, etc. Packt Publishing Ltd.,
Date of publication, distribution, etc. 2010.
300 ## - PHYSICAL DESCRIPTION
Extent iv, 171 pages :
Other physical details black and white, illus. ;
Dimensions 24 cm
500 ## - GENERAL NOTE
General note Includes indexes.
650 ## - SUBJECT ADDED ENTRY--TOPICAL TERM
Topical term or geographic name entry element Social networks.
9 (RLIN) 2197
650 ## - SUBJECT ADDED ENTRY--TOPICAL TERM
Topical term or geographic name entry element JomSocial (Social networks).
9 (RLIN) 4852
650 ## - SUBJECT ADDED ENTRY--TOPICAL TERM
Topical term or geographic name entry element Joomla! (Computer file).
9 (RLIN) 4905
942 ## - ADDED ENTRY ELEMENTS (KOHA)
Source of classification or shelving scheme Dewey Decimal Classification
Koha item type Books
Suppress in OPAC No
Holdings
Withdrawn status Lost status Source of classification or shelving scheme Damaged status Not for loan Home library Current library Shelving location Date acquired Total Checkouts Full call number Barcode Date last seen Copy number Price effective from Koha item type
    Dewey Decimal Classification     LRC - College (Main) LRC - College (Main)   07/18/2012   F.P./IT.Ed. 006.7'8 B662 2010 c1 00004355 01/06/2025 1 01/06/2025 Books
    Dewey Decimal Classification     LRC - College (Main) LRC - College (Main)   07/18/2012   F.P./IT.Ed. 006.7'8 B662 2010 c2 00004356 01/06/2025 2 01/06/2025 Books
    Dewey Decimal Classification     LRC - College (Main) LRC - College (Main)   07/18/2012   F.P./IT.Ed. 006.7'8 B662 2010 c3 00004357 01/06/2025 3 01/06/2025 Books